000 00449nam a2200181Ia 4500
001 18338
005 20260306171623.0
008 260306s9999||||xx |||||||||||||| ||und||
041 _aESP
082 _a658.403
_bU823
100 _aUcero Omaña, José Miguel
_eAUT
245 0 _aAnálisis de problemas y toma de decisiones
260 _c2011
300 _a79 páginas :
_c30 cm.
650 _aGEN
654 _aCAN
942 _cLIB
_dJUS
_fJUS
_2ddc
_n
999 _c18338
_d18338